=LDR 00000nam 2200000 4500 =001 INLIS000000000003764 =005 20130612092051 =008 ***********************************Ind** =035 ##$$0010-061300000003764 =041 ##$$a Ind =082 ##$$a 610.73 =090 ##$$a 610.73, Ahb p =100 ##$$a Akbar, SM.Surono =245 ##$$a Perawatan endosontik konvensional dan proses penyembuhannya, SM.Surono Akbar =260 ##$$a 1989 $b Jakarta =300 ##$$a vi, 166 hlm., ilus., 21 cm =650 ##$$a Perawat dan perawatan =850 ##$$a NBPNMAT